Human development in South Asia in 21st century / (Record no. 19378)
[ view plain ]
| 000 -LEADER | |
|---|---|
| fixed length control field | 01479cam a22003618a 4500 |
| 005 - DATE AND TIME OF LATEST TRANSACTION | |
| control field | 20080916184717.0 |
| 008 - FIXED-LENGTH DATA ELEMENTS--GENERAL INFORMATION | |
| fixed length control field | 080911s2008 ii 001 0 eng |
| 010 ## - LCCN (DPL NO) | |
| LC control number | ENG-91961 |
| 020 ## - INTERNATIONAL STANDARD BOOK NUMBER | |
| International Standard Book Number | 9788174875327 |
| Terms of availability | 1150.00 |
| 020 ## - INTERNATIONAL STANDARD BOOK NUMBER | |
| International Standard Book Number | 8174875328 |
| Terms of availability | 1150.00 |
| 035 ## - SYSTEM CONTROL NUMBER | |
| System control number | EN-75494 |
| 037 ## - SOURCE OF ACQUISITION | |
| Source of stock number/acquisition | DBAD / PUB |
| 040 ## - CATALOGING SOURCE | |
| Original cataloging agency | dpl |
| Language of cataloging | English |
| 082 ## - DEWEY DECIMAL CLASSIFICATION NUMBER | |
| Classification number | 307.14095 |
| 100 ## - MAIN ENTRY--PERSONAL NAME | |
| Personal name | Chaturvedi, S.K. |
| 245 ## - TITLE STATEMENT | |
| Title | Human development in South Asia in 21st century / |
| Statement of responsibility, etc | by S.K. Chaturvedi, Sanjeev Kumar Sharma [and] Madhurendra Kumar |
| 260 ## - PUBLICATION, DISTRIBUTION, ETC. (IMPRINT) | |
| Place of publication, distribution, etc | New Delhi |
| Name of publisher, distributor, etc | Radha Publications |
| Date of publication, distribution, etc | 2008 |
| 270 ## - ADDRESS | |
| Address | 4231/1, Ansari Road, Daryaganj, |
| City | New Delhi |
| Postal code | 110002 |
| 300 ## - PHYSICAL DESCRIPTION | |
| Extent | xxiv, 549p. |
| Dimensions | 23cm (Hb) |
| 500 ## - GENERAL NOTE | |
| General note | Includes bibliographical references |
| 610 ## - SUBJECT ADDED ENTRY--CORPORATE NAME | |
| Corporate name or jurisdiction name as entry element | South Asian Association for Regional Cooperation. |
| 650 ## - SUBJECT ADDED ENTRY--TOPICAL TERM | |
| Topical term or geographic name as entry element | Community development |
| Geographic subdivision | South Asia. |
| 650 ## - SUBJECT ADDED ENTRY--TOPICAL TERM | |
| Topical term or geographic name as entry element | Economic development |
| General subdivision | Social aspects |
| Geographic subdivision | South Asia. |
| 651 ## - SUBJECT ADDED ENTRY--GEOGRAPHIC NAME | |
| Geographic name | South Asia |
| General subdivision | Economic integration. |
| 651 ## - SUBJECT ADDED ENTRY--GEOGRAPHIC NAME | |
| Geographic name | South Asia |
| General subdivision | Economic conditions. |
| 651 ## - SUBJECT ADDED ENTRY--GEOGRAPHIC NAME | |
| Geographic name | South Asia |
| General subdivision | Social conditions. |
| 651 ## - SUBJECT ADDED ENTRY--GEOGRAPHIC NAME | |
| Geographic name | South Asia |
| General subdivision | Politics and government. |
| 651 ## - SUBJECT ADDED ENTRY--GEOGRAPHIC NAME | |
| Geographic name | South Asia |
| General subdivision | Economic policy. |
| 700 ## - ADDED ENTRY--PERSONAL NAME | |
| Personal name | Sharma, Sanjeev Kumar |
| 700 ## - ADDED ENTRY--PERSONAL NAME | |
| Personal name | Madhurevdra Kumar |
| 942 ## - ADDED ENTRY ELEMENTS (KOHA) | |
| Source of classification or shelving scheme | Dewey Decimal Classification |
| Item type | English Books |
| Call number suffix | CHA |
| Classification part | 307.14095 |
| Withdrawn status | Lost status | Source of classification or shelving scheme | Damaged status | Not for loan | Collection code | Home library | Current library | Date acquired | Source of acquisition | Cost, normal purchase price | Total Checkouts | Full call number | Barcode | Date last seen | Copy number | Cost, replacement price | Koha item type |
|---|---|---|---|---|---|---|---|---|---|---|---|---|---|---|---|---|---|
| Dewey Decimal Classification | Not For Loan | Non-fiction | D.B.Act.Division | D.B.Act.Division | 02/12/2008 | DBAD / PUB | 1150.00 | 307.14095 CHA | EN-75494 | 02/12/2008 | 1150.00 | 1150.00 | English Books |
